Statistics for Which Continent is the Most?

Click here to take the quiz!

General Stats

  • This quiz has been taken 34 times
  • The average score is 5 of 8

Answer Stats

QuestionAnswer% Correct
Which Continent has the Highest population?Africa
97%
Which Continent doesn't touch the Equator?North America
79%
Which continent has the highest Crime rate?South America
69%
Which Continent has the Highest GDP?Asia
66%
Which Continent has the most countries?Asia
66%
Which Continent has The most poverty Rate?Asia
52%
Which Continent has the most Islands?Asia
41%
Which Continent has the most Desert Area?Oceania
7%

Score Distribution

Percentile by Number Answered

Percent of People with Each Score

Your Score History

You have not taken this quiz